|
|
|
|
| LEADER |
01060cam a2200277 7i4500 |
| 001 |
0000075376 |
| 005 |
20230223090000.0 |
| 020 |
|
|
|a 9781003309635 (electronic book)
|
| 090 |
0 |
0 |
|a TA169
|b .N39 2022
|
| 100 |
1 |
|
|a Nair, N. Unnikrishnan
|
| 245 |
1 |
0 |
|a Reliability modelling with information measures
|c N. Unnikrishnan Nair, S. M. Sunoj and G. Rajesh.
|
| 264 |
|
|
|a Boca Raton, FL:
|b CRC Press,
|c 2022.
|
| 300 |
|
|
|a 1 online resource (346 pages):
|b text file, PDF.
|
| 336 |
|
|
|a text
|2 rdacontent
|
| 337 |
|
|
|a computer
|2 rdamedia
|
| 338 |
|
|
|a online resource
|2 rdacarrier
|
| 650 |
|
0 |
|a Service life (Engineering) --
|x Measurement
|
| 650 |
|
0 |
|a Fault location (Engineering)
|
| 650 |
|
0 |
|a Reliability (Engineering) --
|x Statistical methods
|
| 655 |
|
0 |
|a Electronic books
|
| 700 |
1 |
|
|a Sunoj, S. M.
|
| 700 |
1 |
|
|a Rajesh, G.
|
| 856 |
4 |
2 |
|u http://library.unisel.edu.my/web/guest/mylibrary
|
| 997 |
|
|
|a Engineering & Life Sciences, Faculty
|b Engineering, Department
|
| 998 |
|
|
|a Civil Engineering, Degree
|
| 999 |
|
|
|a EBO0018489
|b EBOOK
|c EBOOK
|e Electronic resources
|